000 00300nam a22001217a 4500
008 170717b xxu||||| |||| 00| 0 eng d
041 _aeng
080 _a2
100 _a24
101 _aTEO
245 _aCHRISTIE'S IMPORTANT AMERICAN PAINTINGS, DRAWINGS AND SCULPTURE
_cSTUART, G
942 _2udc
_cBK
999 _c21335
_d21335